Περί αυτοκινήτου
Αποθηκεύτηκε σε:
| Κύριος συγγραφέας: | |
|---|---|
| Μορφή: | Βιβλίο |
| Γλώσσα: | Greek French |
| Δημοσίευση: |
Αθήνα :
Ars Longa,
c1988
|
| Σειρά: | Χιούμορ στο τετράγωνο
|
| Θέματα: | |
| Ετικέτες: |
Προσθήκη ετικέτας
Δεν υπάρχουν, Καταχωρήστε ετικέτα πρώτοι!
|
MARC
| LEADER | 00000cam a2200000 i 4500 | ||
|---|---|---|---|
| 001 | 1/33190 | ||
| 008 | 130723s1988 gre d | ||
| 035 | |l 10115047 | ||
| 040 | |a GR-MY-UA |b gre |e aacr | ||
| 041 | 1 | |a gre |h fre | |
| 082 | 0 | |a 741.56 |2 (22) | |
| 100 | 1 | |a Serre, Claude, |d 1938-1998. | |
| 245 | 1 | 0 | |a Περί αυτοκινήτου / |c Serre |
| 260 | |a Αθήνα : |b Ars Longa, |c c1988 | ||
| 300 | |a [60] σ.; |b εικ.; |c 21 εκ. | ||
| 490 | 1 | |a Χιούμορ στο τετράγωνο | |
| 650 | 0 | 0 | |a French wit and humor, Pictorial. |
| 830 | 0 | |a Χιούμορ στο τετράγωνο | |
| 852 | |a INST |b SYROS |e 20130723 |h 741.56 SER |p 005500010912 |q 005500010912 |t BK |y 0 | ||
| 901 | |a BIBL5-2013-1 | ||
| 909 | |a Ε |b 174412 | ||
| 970 | |a ΚΟΝΤΟΥ |b ΠΑΡΑΣΚΕΥΗ |z 2013/07/23 | ||